Detalles MARC
| 000 -LÍDER |
| Campo fijo de descripción fija |
02115cam a22003734i 4500 |
| 001 - NÚMERO DE CONTROL |
| Campo de control |
13379053 |
| 003 - IDENTIFICADOR DEL NÚMERO DE CONTROL |
| Campo de control |
CO-MdFUSB |
| 005 - FECHA Y HORA DE LA ULTIMA TRANSACCIÓN |
| control field |
20180824155330.0 |
| 008 - ELEMENTOS DE LONGITUD FIJA -- INFORMACIÓN GENERAL |
| Campo fijo de descripción fija -- Información general |
031021s2004 iluab g b 001 0 eng |
| 010 ## - NÚMERO DE CONTROL DE LA BIBLIOTECA DEL CONGRESO |
| Número de control LC |
2003023200 |
| 020 ## - NÚMERO INTERNACIONAL NORMALIZADO PARA LIBROS |
| Número Internacional Normalizado del libro |
0830827463 (alk. paper) |
| 020 ## - NÚMERO INTERNACIONAL NORMALIZADO PARA LIBROS |
| Número Internacional Normalizado del libro |
1844740234 (UK) |
| 040 ## - FUENTE DE CATALOGACIÓN |
| Agencia de catalogación original |
DLC |
| Agencia que realiza la transcripción |
CO-MdFUSB |
| Agencia que realiza la modificación |
CO-MdFUSB |
| Idioma de catalogación |
spa |
| Convenciones de la descripción |
rda |
| 041 ## - CÓDIGO DE IDIOMA |
| Código de idioma para texto/pista de sonido o título separado |
eng |
| 042 ## - AUTHENTICATION CODE |
| Authentication code |
pcc |
| 082 00 - NÚMERO DE CLASIFICACIÓN DECIMAL DEWEY |
| Número de la edición del Dewey |
24 |
| Número de clasificación |
R 225.61 |
| Clave de autor-Numero de item |
D457i |
| 100 1# - ASIENTO PRINCIPAL--NOMBRE PERSONAL |
| Nombre personal |
DeSilva, David Arthur. |
| Término relacionador |
autor |
| 245 13 - TÍTULO |
| Título del Material |
An introduction to the New Testament |
| Parte restante del título - Subtitulo |
: contexts, methods & ministry formation |
| Mención de responsabilidad, etc. |
/ David A. deSilva. |
| 264 #1 - PRODUCCIÓN, PUBLICACIÓN, DISTRIBUCIÓN, MANUFACTURA, Y COPYRIGHT |
| Lugar de producción, publicación, distribución, manufactura |
Downers Grove, Ill. : |
| -- |
Leicester, England : |
| Nombre del productor, publicador, distribuidor |
InterVarsity Press ; |
| -- |
Apollos ; |
| Fecha de producción, publicación, distribución, manufactura, o copyright |
℗2004 |
| 264 #4 - PRODUCCIÓN, PUBLICACIÓN, DISTRIBUCIÓN, MANUFACTURA, Y COPYRIGHT |
| Fecha de producción, publicación, distribución, manufactura, o copyright |
©2004 |
| 300 ## - DESCRIPCIÓN FÍSICA |
| Extensión |
975 páginas : |
| Otros detalles físicos |
ilustraciones, mapas ; |
| Dimensiones |
26 cm. |
| 336 ## - TIPO DE CONTENIDO |
| Fuente |
rdacontent |
| Término de tipo de contenido |
texto |
| Código de tipo de contenido |
txt |
| 337 ## - TIPO DE MEDIO |
| Fuente |
rdamedia |
| Nombre del tipo de medio |
sin mediación |
| Código del tipo de medio |
n |
| 338 ## - TIPO DE SOPORTE |
| Fuente |
rdacarrier |
| Nombre del tipo de soporte |
volumen |
| Código Tipo de soporte |
nc |
| 501 ## - NOTA DE “CON” |
| Nota de Contenido |
Incluye índices (páginas 933- 975) |
| 504 ## - NOTA DE BIBLIOGRAFÍA, ETC. |
| Nota de bibliografía, etc |
Incluye referencias bibliográficas |
| 505 ## - NOTA DE CONTENIDO |
| Nota de contenido con formato preestablecido |
El Nuevo Testamento como respuesta pastoral -- El entorno del cristianismo primitivo -- El mundo cultural y social de la iglesia primitiva -- Los cuatro evangelios y el único Jesús -- El Evangelio según Marcos -- El Evangelio según Mateo -- El Evangelio según Lucas -- Los Hechos de los apóstoles -- El Evangelio según Juan -- Las Epístolas de Juan -- Un prólogo al estudio de las cartas de Pablo -- La carta a los Gálatas -- La correspondencia de Tesalónica -- El Corintio correspondencia -- La Epístola a los Romanos -- La Epístola a los Filipenses -- La Epístola a Filemón -- Las Epístolas a los Cristianos en Colosas y Éfeso -- Las cartas a Timoteo y Tito -- La Epístola a los Hebreos -- El Epístola de Santiago -- La primera carta de Pedro -- Judas y 2 Pedro -- La revelación de Juan |
| 630 07 - TITULO UNIFORME |
| Título uniforme |
Biblia. |
| Nombre de parte o sección de la obra |
Nuevo Testamento |
| 906 ## - LOCAL DATA ELEMENT F, LDF (RLIN) |
| a |
7 |
| b |
cbc |
| c |
orignew |
| d |
1 |
| e |
ecip |
| f |
20 |
| g |
y-gencatlg |
| 942 ## - TIPO DE MATERIAL (KOHA) |
| Tipo de Item KOHA |
Libros General |